|
|
|
|
| LEADER |
00000nam0a2200000 4500 |
| 001 |
185909 |
| 005 |
20231031173154.0 |
| 035 |
|
|
|a (RuTPU)RU\TPU\book\201726
|
| 090 |
|
|
|a 185909
|
| 100 |
|
|
|a 20101019d1959 m y0rusy50 ca
|
| 101 |
0 |
|
|a rus
|
| 102 |
|
|
|a RU
|
| 105 |
|
|
|a a j 000zy
|
| 200 |
1 |
|
|a Общая электротехника
|e учебник для техникумов
|f С. А. Аваев, А. П. Крылов, Б. М. Озерский
|
| 210 |
|
|
|a Москва
|c Госэнергоиздат
|d 1959
|a Ленинград
|
| 215 |
|
|
|a 448 с.
|c ил.
|
| 610 |
1 |
|
|a электротехника
|
| 610 |
1 |
|
|a учебники
|
| 610 |
1 |
|
|a электрическое поле
|
| 610 |
1 |
|
|a постоянный ток
|
| 610 |
1 |
|
|a цепи
|
| 610 |
1 |
|
|a электромагнетизм
|
| 610 |
1 |
|
|a переменный ток
|
| 610 |
1 |
|
|a трехфазный ток
|
| 610 |
1 |
|
|a электрические измерения
|
| 610 |
1 |
|
|a электрические машины
|
| 610 |
1 |
|
|a трансформаторы
|
| 610 |
1 |
|
|a электродвигатели
|
| 610 |
1 |
|
|a электроприводы
|
| 610 |
1 |
|
|a освещение
|
| 675 |
|
|
|a 621.3
|v 3
|
| 700 |
|
1 |
|a Аваев
|b С. А.
|g Сергей Александрович
|
| 701 |
|
1 |
|a Крылов
|b А. П.
|g Андрей Павлович
|
| 701 |
|
1 |
|a Озерский
|b Б. М.
|g Борис Михайлович
|
| 801 |
|
1 |
|a RU
|b 63413507
|c 20101019
|
| 801 |
|
2 |
|a RU
|b 63413507
|c 20210614
|g RCR
|
| 942 |
|
|
|c BK
|